Del buen salvaje al buen revolucionario
Đã lưu trong:
| Tác giả chính: | |
|---|---|
| Định dạng: | Sách |
| Ngôn ngữ: | Tiếng Tây Ban Nha |
| Được phát hành: |
Caracas
Monte Avila Editores
1982
|
| Phiên bản: | 10a. ed |
| Loạt: | Letra Viva
|
| Những chủ đề: | |
| Các nhãn: |
Thêm thẻ
Không có thẻ, Là người đầu tiên thẻ bản ghi này!
|
MARC
| LEADER | 00000nam a2200000 a 4500 | ||
|---|---|---|---|
| 001 | UCX0491 | ||
| 003 | CL-VaPUC | ||
| 008 | 891027e19820000VE |||||||||||||||||spa|d | ||
| 082 | 0 | 4 | |a 980 |b RAN |2 21 |
| 100 | 0 | |a Rangel Guerra, Carlos |e author |9 315917 | |
| 245 | 1 | 0 | |a Del buen salvaje al buen revolucionario |
| 250 | |a 10a. ed | ||
| 300 | |a 395 p | ||
| 942 | |c BK | ||
| 945 | |d 19891027 00:00:00 | ||
| 260 | |a Caracas |b Monte Avila Editores |c 1982 | ||
| 650 | 0 | |a Civilización |9 255823 | |
| 650 | 0 | |a Política y gobierno |9 255151 | |
| 651 | 0 | |a América Latina |9 255027 | |
| 583 | |a last modification |c 19891027 00:00:00 |k Rodrigo Vera | ||
| 490 | 0 | |a Letra Viva | |
| 999 | |c 222084 |d 222082 | ||
| 952 | |0 0 |1 0 |4 0 |6 980_000000000000000_RAN_1982 |7 0 |8 A |9 216330 |a BIBHIS |b BIBHIS |d 2019-11-15 |i 2849038 |o 980 RAN 1982 |p 2849038 |r 2025-01-20 |w 2019-11-15 |y BK |k HIS | ||